000 00434nam a2200181Ia 4500
001 1684
005 20260306143746.0
008 260306t2013||||xx |||||||||||||| ||spa||
041 _aESP
082 _a155
_bC26
100 _aCañas, José Luis
_eAUT
245 0 _aIntroducción a la psicología personalista
260 _c2013
300 _a203 páginas :
_c24 cm.
650 _aGEN
654 _aCPS
942 _cLIB
_dJUS
_fJUS
_2ddc
_n
999 _c1684
_d1684